Object-oriented programming in Pascal : (Record no. 541719)

000 -LEADER
fixed length control field 00729pam a2200193 a 4500
020 ## - INTERNATIONAL STANDARD BOOK NUMBER
International Standard Book Number 020162883X
082 00 - DEWEY DECIMAL CLASSIFICATION NUMBER
Classification number 005.133P
Author Mark CON
100 1# - MAIN ENTRY--PERSONAL NAME
Personal name Conner, D. Brookshire.
9 (RLIN) 36738
245 10 - TITLE STATEMENT
Title Object-oriented programming in Pascal :
Remainder of title a graphical approach /
Statement of responsibility, etc. D. Brookshire Conner, David A. Niguidula, Andries van Dam.
260 ## - PUBLICATION, DISTRIBUTION, ETC.
Place of publication, distribution, etc. Reading, Mass. :
Name of publisher, distributor, etc. Addison-Wesley Pub. Co.,
Date of publication, distribution, etc. c1995.
300 ## - PHYSICAL DESCRIPTION
Extent xxxix, 616 p. :
Other physical details ill. ;
Dimensions 23 cm.
526 ## - STUDY PROGRAM INFORMATION NOTE
Program name 0
Interest level 0
Reading level 0
Title point value 005_000000000000000_133P_CON
650 #0 - SUBJECT ADDED ENTRY--TOPICAL TERM
Topical term or geographic name entry element MCE
9 (RLIN) 379
650 #0 - SUBJECT ADDED ENTRY--TOPICAL TERM
Topical term or geographic name entry element Object-oriented programming (Computer science)
9 (RLIN) 3212
650 #0 - SUBJECT ADDED ENTRY--TOPICAL TERM
Topical term or geographic name entry element Pascal (Computer program language)
9 (RLIN) 14014
700 1# - ADDED ENTRY--PERSONAL NAME
Personal name Niguidula, David A.
9 (RLIN) 36739
700 1# - ADDED ENTRY--PERSONAL NAME
Personal name Van Dam, Andries,
9 (RLIN) 36740
942 ## - ADDED ENTRY ELEMENTS (KOHA)
Source of classification or shelving scheme
Koha item type Book
Holdings
Withdrawn status Lost status Source of classification or shelving scheme Damaged status Not for loan Permanent Location Current Location Date acquired Total Checkouts Full call number Barcode Date last seen Price effective from Koha item type
          Military College of Engineering (MCE) Military College of Engineering (MCE) 08/23/2013   005.133P CON MCE-43632 08/23/2013 08/23/2013 Book
© 2023 Central Library, National University of Sciences and Technology. All Rights Reserved.